Adipose tissue as an organ : (Record no. 181778)
[ view plain ]
| 000 -LEADER | |
|---|---|
| fixed length control field | 01050cam5a220024100 4500 |
| 001 - CONTROL NUMBER | |
| control field | lce00561063 |
| 008 - FIXED-LENGTH DATA ELEMENTS--GENERAL INFORMATION | |
| fixed length control field | 850617s1962 ilua b 100 0 eng |
| 010 ## - LIBRARY OF CONGRESS CONTROL NUMBER | |
| LC control number | 62010159 //r852 |
| 035 ## - SYSTEM CONTROL NUMBER | |
| System control number | (Sirsi) r65292 |
| 035 ## - SYSTEM CONTROL NUMBER | |
| System control number | (DLC) 62010159 //r852 |
| 035 ## - SYSTEM CONTROL NUMBER | |
| System control number | (UPRA)lce00561063 |
| 040 ## - CATALOGING SOURCE | |
| Original cataloging agency | DLC/ICU |
| Transcribing agency | ICU |
| Modifying agency | UPRA |
| 050 0# - LIBRARY OF CONGRESS CALL NUMBER | |
| Classification number | QM565 |
| Item number | .D45 |
| 082 0# - DEWEY DECIMAL CLASSIFICATION NUMBER | |
| Classification number | 612.397 |
| 111 2# - MAIN ENTRY--MEETING NAME | |
| Meeting name or jurisdiction name as entry element | Deuel Conference on Lipids (1961 : Carmel, Calif.) |
| Date of meeting or treaty signing | Deuel Conference on Lipids (1961 : Carmel, Calif.) |
| Location of meeting | Deuel Conference on Lipids (1961 : Carmel, Calif.) |
| Linkage | A25321.1 |
| 245 10 - TITLE STATEMENT | |
| Title | Adipose tissue as an organ : |
| Remainder of title | proceedings / |
| Statement of responsibility, etc. | compiled and edited by Laurance W. Kinsell. |
| 260 ## - PUBLICATION, DISTRIBUTION, ETC. | |
| Place of publication, distribution, etc. | Springfield, IL : |
| Name of publisher, distributor, etc. | Thomas, |
| Date of publication, distribution, etc. | [1962] |
| 504 ## - BIBLIOGRAPHY, ETC. NOTE | |
| Bibliography, etc. note | Includes bibliographical references. |
| 650 #0 - SUBJECT ADDED ENTRY--TOPICAL TERM | |
| Topical term or geographic name entry element | Adipose tissues. |
| Linkage | S18348.1 |
| 700 1# - ADDED ENTRY--PERSONAL NAME | |
| Personal name | Kinsell, Laurance W. (Laurance Wilkie), 1907-1968. |
| Fuller form of name | Kinsell, Laurance W. (Laurance Wilkie), 1907-1968. |
| Dates associated with a name | Kinsell, Laurance W. (Laurance Wilkie), 1907-1968. |
| Linkage | A25322.1 |
| 949 ## - LOCAL PROCESSING INFORMATION (OCLC) | |
| a | QM565 |
| w | lcc |
| i | -87233 |
| m | MAIN |
| t | BOOK |
| l | ON-SHELF |
No items available.